Seven challenges that shaped the New Testament : (Record no. 10536)

MARC details
000 -LEADER
fixed length control field 01478cam a22003498i 4500
001 - CONTROL NUMBER
control field 23375552
003 - CONTROL NUMBER IDENTIFIER
control field GBCCL
005 - DATE AND TIME OF LATEST TRANSACTION
control field 20241206115837.0
008 - FIXED-LENGTH DATA ELEMENTS--GENERAL INFORMATION
fixed length control field 231107s2024 miu b 001 0 eng
020 ## - INTERNATIONAL STANDARD BOOK NUMBER
International Standard Book Number 9781540966346
Qualifying information (paperback)
020 ## - INTERNATIONAL STANDARD BOOK NUMBER
International Standard Book Number 9781540967862
Qualifying information (casebound)
020 ## - INTERNATIONAL STANDARD BOOK NUMBER
Canceled/invalid ISBN 9781493446384
Qualifying information (ebook)
020 ## - INTERNATIONAL STANDARD BOOK NUMBER
Canceled/invalid ISBN 9781493446391
Qualifying information (pdf)
040 ## - CATALOGING SOURCE
Original cataloging agency DLC
Language of cataloging eng
Description conventions rda
Transcribing agency DLC
Modifying agency DLC
082 00 - DEWEY DECIMAL CLASSIFICATION NUMBER
Classification number 232
Item number SPE
100 1# - MAIN ENTRY--PERSONAL NAME
Personal name Spencer, F. Scott
Fuller form of name (Franklin Scott),
Relator term author.
245 10 - TITLE STATEMENT
Title Seven challenges that shaped the New Testament :
Remainder of title understanding the inherent tensions of early Christian faith /
Statement of responsibility, etc. F. Scott Spencer.
263 ## - PROJECTED PUBLICATION DATE
Projected publication date 2406
264 #1 - PRODUCTION, PUBLICATION, DISTRIBUTION, MANUFACTURE, AND COPYRIGHT NOTICE
Place of production, publication, distribution, manufacture Grand Rapids, Michigan :
Name of producer, publisher, distributor, manufacturer Baker Academic, a division of Baker Publishing Group,
Date of production, publication, distribution, manufacture, or copyright notice [2024]
300 ## - PHYSICAL DESCRIPTION
Extent pages cm
336 ## - CONTENT TYPE
Content type term text
Content type code txt
Source rdacontent
337 ## - MEDIA TYPE
Media type term unmediated
Media type code n
Source rdamedia
338 ## - CARRIER TYPE
Carrier type term volume
Carrier type code nc
Source rdacarrier
504 ## - BIBLIOGRAPHY, ETC. NOTE
Bibliography, etc. note Includes bibliographical references and index.
520 ## - SUMMARY, ETC.
Summary, etc. "A senior New Testament scholar delves into the emotional life of Jesus in the Gospels-his anger, grief, disgust, surprise, compassion, and joy-that reveal what mattered most to Jesus and motivated his mission"--
Assigning source Provided by publisher.
600 00 - SUBJECT ADDED ENTRY--PERSONAL NAME
Personal name Jesus Christ.
General subdivision Person and office
-- Biblical teaching.
630 00 - SUBJECT ADDED ENTRY--UNIFORM TITLE
Uniform title Bible.
Name of part/section of a work Gospels.
630 00 - SUBJECT ADDED ENTRY--UNIFORM TITLE
Uniform title Bible.
Name of part/section of a work New Testament.
906 ## - LOCAL DATA ELEMENT F, LDF (RLIN)
a 7
b cbc
c orignew
d 1
e ecip
f 20
g y-gencatlg
942 ## - ADDED ENTRY ELEMENTS (KOHA)
Source of classification or shelving scheme Dewey Decimal Classification
Koha item type Books
Suppress in OPAC No
Holdings
Withdrawn status Lost status Source of classification or shelving scheme Damaged status Not for loan Home library Current Library Shelving location Date acquired Total checkouts Full call number Barcode Date last seen Copy number Price effective from Koha item type
    Dewey Decimal Classification     GRACE BIBLE COLLEGE GRACE BIBLE COLLEGE Theology 2024-12-06   232 SPE 020874 2025-05-01 c.1 2024-12-06 Books
    Dewey Decimal Classification     GRACE BIBLE COLLEGE GRACE BIBLE COLLEGE Theology 2024-12-09   232 SPE 020879 2025-05-01 c.2 2024-12-09 Books
© Grace Bible College Library 2025